<?xml version="1.0" encoding="UTF-8"?>
<marc:record xmlns:marc="http://www.loc.gov/MARC21/slim">
   <marc:leader>00000nam a2200000 a 4500</marc:leader>
   <marc:datafield ind1="1" ind2=" " tag="100">
      <marc:subfield code="a">Pearl, Eric</marc:subfield>
      <marc:subfield code="4">aut</marc:subfield>
      <marc:subfield code="e">Verfasser/-in</marc:subfield>
   </marc:datafield>
   <marc:datafield ind1="1" ind2=" " tag="100">
      <marc:subfield code="a">Ponzlov, Frederick</marc:subfield>
      <marc:subfield code="4">aut</marc:subfield>
      <marc:subfield code="e">Verfasser/-in</marc:subfield>
   </marc:datafield>
   <marc:datafield ind1=" " ind2=" " tag="653">
      <marc:subfield code="a">Channeln</marc:subfield>
   </marc:datafield>
   <marc:datafield ind1=" " ind2=" " tag="653">
      <marc:subfield code="a">Eric Pearl</marc:subfield>
   </marc:datafield>
   <marc:datafield ind1=" " ind2=" " tag="653">
      <marc:subfield code="a">Reconnection</marc:subfield>
   </marc:datafield>
   <marc:datafield ind1=" " ind2=" " tag="653">
      <marc:subfield code="a">Reconnectives Heilen</marc:subfield>
   </marc:datafield>
   <marc:datafield ind1=" " ind2=" " tag="653">
      <marc:subfield code="a">Selbstheilung</marc:subfield>
   </marc:datafield>
   <marc:datafield ind1=" " ind2=" " tag="653">
      <marc:subfield code="a">Ratgeber</marc:subfield>
   </marc:datafield>
   <marc:datafield ind1="0" ind2="0" tag="245">
      <marc:subfield code="a">Solomon spricht über ein Leben in Verbundenheit</marc:subfield>
   </marc:datafield>
   <marc:datafield ind1="0" ind2="0" tag="245">
      <marc:subfield code="c">Dr. Eric Pearl, Frederic Ponzlow ; aus dem Englischen von Nayoma de Hae͏̈n</marc:subfield>
   </marc:datafield>
   <marc:datafield ind1=" " ind2="1" tag="264">
      <marc:subfield code="a">Burgrain</marc:subfield>
      <marc:subfield code="b">KOHA</marc:subfield>
      <marc:subfield code="c">2016</marc:subfield>
   </marc:datafield>
   <marc:datafield ind1="1" ind2=" " tag="520">
      <marc:subfield code="a">Angaben aus der Verlagsmeldung

Solomon spricht über ein Leben in Verbundenheit / von Eric Pearl

In seiner erfolgreichen chiropraktischen Praxis in Los Angeles wurden Dr. Eric Pearl und andere eines Tages Zeugen von wundersamen Heilungen. Daraus entwickelte sich eine Herangehensweise, die er in seinem internationalen Bestseller 'Reconnection' beschrieben hat. In seinem lange erwarteten zweiten Buch 'Solomon spricht …' veröffentlichen Eric Pearl und Frederick Ponzlov die Hintergründe, die zur Entwicklung dieser einzigartigen Heilweise, dem sogenannten Reconnective Healing, geführt haben. Erfahren Sie aus den Originaltexten, was 'Solomon' – eine durch Frederick Ponzlov sprechende multidimensionale Intelligenz – im Lauf mehrerer Jahre übermittelt hat. Entdecken Sie diese Erkenntnisse für sich selbst und wenden Sie sie in Ihrem Leben an.
</marc:subfield>
   </marc:datafield>
   <marc:datafield ind1=" " ind2=" " tag="020">
      <marc:subfield code="a">9783867283175</marc:subfield>
      <marc:subfield code="9">9783867283175</marc:subfield>
   </marc:datafield>
   <marc:datafield ind1=" " ind2=" " tag="020">
      <marc:subfield code="a">3867283176</marc:subfield>
      <marc:subfield code="9">3867283176</marc:subfield>
   </marc:datafield>
   <marc:datafield ind1=" " ind2=" " tag="041">
      <marc:subfield code="a">ger</marc:subfield>
   </marc:datafield>
   <marc:datafield ind1=" " ind2=" " tag="300">
      <marc:subfield code="a">223 Seiten</marc:subfield>
   </marc:datafield>
</marc:record>
